Super Mario Sunshine Quiz - Statistics

General Stats
  • This quiz has been taken 257 times
  • The average score is 20 of 33
Answer Stats
Hint Answer % Correct
Main Character Mario
90%
Hub World Delfino Plaza
87%
Princess Peach
87%
NPC Type Toad
85%
NPC Type Pianta
82%
Boss Bowser
81%
NPC Type Noki
78%
Princess' Assistant Toadsworth
75%
Mario's Companion FLUDD
74%
Boss Petey Piranha
74%
Course Bianco Hills
72%
Course Noki Bay
72%
Course Pinna Park
71%
Course Pianta Village
69%
Nozzle Rocket Nozzle
68%
Mini-Boss Shadow Mario
68%
Starting Area Delfino Airstrip
66%
Nozzle Hover Nozzle
66%
Course Ricco Harbor
66%
Course Gelato Beach
65%
Course Corona Mountain
63%
Course Sirena Beach
63%
Boss King Boo
50%
Boss Gooper Blooper
46%
Nozzle Spray Nozzle
46%
Boss Wiggler
44%
Boss Mecha Bowser
43%
Fludd's inventor Professor E. Gadd
40%
Boss Eely Mouth
25%
Nozzle Jet Nozzle
22%
Boss Phantamanta
15%
Boss Polluted Piranha
15%
Mini-Boss Monty Mole
10%
No matching quizzes found
Score Distribution
Percent of People with Each Score
Percentile by Number Answered
Your Score History
You have not taken this quiz